Nho giáo và văn học Việt Nam trung cận đại
Uloženo v:
| Hlavní autor: | |
|---|---|
| Médium: | Kniha |
| Jazyk: | Undetermined |
| Vydáno: |
Hà Nội
Giáo Dục
1998
|
| Témata: | |
| Tagy: |
Přidat tag
Žádné tagy, Buďte první, kdo otaguje tento záznam!
|
| Thư viện lưu trữ: | Trung tâm Học liệu Trường Đại học Cần Thơ |
|---|
| LEADER | 00688nam a2200193Ia 4500 | ||
|---|---|---|---|
| 001 | CTU_29732 | ||
| 008 | 210402s9999 xx 000 0 und d | ||
| 082 | |a 895.92209 | ||
| 082 | |b H564 | ||
| 100 | |a Trần Đình Hượu | ||
| 245 | 0 | |a Nho giáo và văn học Việt Nam trung cận đại | |
| 245 | 0 | |c Trần Đình Hượu | |
| 260 | |a Hà Nội | ||
| 260 | |b Giáo Dục | ||
| 260 | |c 1998 | ||
| 526 | |a Văn học Việt Nam trung đại 3 (nửa cuối thế kỷ XIX),Văn hoá và văn học | ||
| 526 | |b SG213,XHV606 | ||
| 650 | |a vietnamese lietrature - history and criticism | ||
| 980 | |a Trung tâm Học liệu Trường Đại học Cần Thơ | ||